zpět

Detail výsledku týmu

The Pub Praha 2 ČT, Praha

Datum a čas kvízu

37 Celkem bodů Celkový počet nahraných bodů na tomto kvízu bez doplňovacích otázek.
7. Pořadí na kvízu Konečné umístění týmu na tomto kvízu.

Zaznamenané odpovědi

# Otázka Odpověď Body Výsledky
1. V sobotu proběhlo v katedrále... Stanislav Přibyl 1
2. Minulé úterý parlament schváli... ve Velké Británii 1
3. V pondělí jsme se dozvěděli, ž... Charlotte Gottová 1
4. Španělští archeologové objevil... B 0
5. V sobotu se v pražské O2 areně... Mladá Boleslav, Brno 0.5
6. Vědci v minulosti několikrát t... D) kofein 0
7. Světová zdravotnická organizac... o Rumunsko 1
8. V červenci 2025 Senát schválil... 3 (2 a 4 za půl bodu) 1
9. Na které z fotografií se nachá... A) 0
10. Velení wehrmachtu si před začá... pervitin 1